Danish Superliga 2025/26 First XI - Statistics

General Stats
  • This quiz has been taken 32 times
  • The average score is 39 of 132
Answer Stats
Club Position Nationality Player % Correct
FC Copenhagen AM Elias Achouri
58%
AGF LM Gift Links
58%
Brøndby GK Patrick Pentz
58%
FC Copenhagen DM Thomas Delaney
58%
AGF FW Tobias Bech
58%
AGF CM Mads Emil Madsen
54%
Odense GK Martin Hansen
54%
FC Copenhagen RB Rodrigo Huescas
54%
FC Copenhagen FW Youssoufa Moukoko
54%
Odense DM Adam Sørensen
50%
Vejle BK LB Christian Sørensen
50%
FC Copenhagen GK Dominik Kotarski
50%
Midtjylland CB Mads Bech Sørensen
50%
FC Copenhagen AM Mohamed Elyounoussi
50%
Brøndby FW Nicolai Vallys
50%
Randers RB Sabil Hansen
50%
FC Fredericia DM William Madsen
50%
Brøndby FW Filip Bundgaard
46%
Midtjylland FW Franculino Djú
46%
AGF CB Frederik Tingager
46%
Midtjylland RB Kevin Mbabu
46%
SønderjyskE CB Magnus Jensen
46%
FC Copenhagen LB Marcos López
46%
AGF FW Patrick Mortensen
46%
Brøndby CB Sean Klaiber
46%
Midtjylland LB Victor Jensen
46%
Brøndby CM Daniel Wass
42%
Silkeborg DM Mads Larsen
42%
Brøndby RM Marko Divkovic
42%
Silkeborg GK Nicolai Larsen
42%
AGF CM Nicolai Poulsen
42%
Brøndby CB Rasmus Lauritsen
42%
Vejle BK CM Tobias Lauritsen
42%
FC Copenhagen DM Victor Froholdt
42%
Silkeborg LB Andreas Poulsen
38%
Midtjylland RM Darío Osorio
38%
Viborg RB Jean-Manuel Mbom
38%
Midtjylland GK Jonas Lössl
38%
Midtjylland CB Lee Hanbeom
38%
Brøndby CM Noah Nartey
38%
FC Copenhagen CB Pantelis Hatzidiakos
38%
Odense DM Rasmus Falk
38%
Midtjylland FW Adam Buksa
33%
AGF RM Felix Beijmo
33%
Brøndby CB Frederik Ibsen
33%
FC Copenhagen CB Gabriel Pereira
33%
Odense AM Jann-Fiete Arp
33%
Odense FW Jay-Roy Grot
33%
FC Copenhagen AM Jordan Larsson
33%
Brøndby LM Mats Köhlert
33%
FC Fredericia AM Moses Opondo
33%
Odense AM Noah Ganaus
33%
Midtjylland CM Pedro Bravo
33%
Nordsjælland RB Peter Ankersen
33%
Viborg FW Anosike Ementa
29%
Nordsjælland CM Caleb Yirenkyi
29%
Silkeborg AM Callum McCowatt
29%
Brøndby FW Clement Bischoff
29%
Viborg LB Daniel Anyembe
29%
FC Fredericia AM Emilio Simonsen
29%
AGF CB Eric Kahl
29%
FC Fredericia CB Frederik Rieper
29%
Vejle BK CB Lasse Nielsen
29%
Viborg GK Lucas Lund Pedersen
29%
Vejle BK CB Stefan Velkov
29%
FC Fredericia LB Svenn Crone
29%
Silkeborg FW Tonni Adamsen
29%
Nordsjælland GK William Lykke
29%
Odense CB Bjørn Paulsen
25%
Vejle BK GK Igor Vekič
25%
AGF GK Leopold Wahlstedt
25%
Viborg DM Mads Søndergaard
25%
Vejle BK FW Mikkel Duelund
25%
Odense CB Nicolas Bürgy
25%
Randers LB Nikolas Dyhr
25%
Nordsjælland FW Prince Amoako
25%
Vejle BK RB Thomas Gundelund
25%
Nordsjælland CB Tobias Salquist
25%
Randers CB Wessel Dammers
25%
Viborg AM Yonis Njoh
25%
FC Fredericia RB Anders Dahl
21%
Vejle BK FW Christian Gammelgaard
21%
Randers CB Daniel Høegh
21%
SønderjyskE LM Ebube Duru
21%
Randers GK Jannich Storch
21%
Silkeborg RB Jens Martin Gammelby
21%
FC Fredericia CB Jeppe Kudsk
21%
Randers DM John Björkengren
21%
Nordsjælland LB Markus Andersen Walker
21%
Odense DM Max Ejdum
21%
SønderjyskE CB Maxime Soulas
21%
Randers FW Mo Touré
21%
Nordsjælland CM Nicklas Røjkjær
21%
SønderjyskE GK Nicolai Flø
21%
Nordsjælland FW Peter Villum Berthelsen
21%
Silkeborg CB Robin Dahl Østrøm
21%
Nordsjælland FW Sindre Egeli
21%
Viborg CB Stipe Radić
21%
Viborg AM Thomas Jørgensen
21%
Randers DM André Rømer
17%
Vejle BK CM Andrew Hjulsager
17%
Viborg DM Asker Beck
17%
Vejle BK FW Bismark Edjeodji Jnr
17%
SønderjyskE CB Daníel Leó Grétarsson
17%
FC Fredericia DM Felix Winther
17%
FC Fredericia FW Gustav Marcussen
17%
Viborg CB Ivan Näsberg
17%
Odense CB James Gomez
17%
Viborg DM Jeppe Grønning
17%
AGF CB Jonas Abbew
17%
FC Fredericia AM Jonatan Lindekilde
17%
Odense DM Leeroy Owusu
17%
Nordsjælland CM Mark Brink
17%
Randers DM Mathias Greve
17%
FC Fredericia GK Ovie Ejeheri
17%
Silkeborg DM Pelle Mattsson
17%
Silkeborg AM Rami Al Hajj
17%
SønderjyskE FW Alexander Lyng
13%
Randers AM Elies Mahmoud
13%
AGF FW Frederik Emmery
13%
SønderjyskE FW Mads Agger
13%
Silkeborg DM Mads Freundlich
13%
Randers DM Mike Themsen
13%
Vejle BK CM Mike Vestergård
13%
SønderjyskE FW Olti Hyseni
13%
Silkeborg CB Pedro Ganchas
13%
SønderjyskE RM Tobias Klysner
13%
SønderjyskE CM Tobias Sommer
13%
SønderjyskE CM Andreas Oggesen
8%
Midtjylland CM Daniel Bandeira
8%
Nordsjælland CB Lucas Høgsberg
8%
Midtjylland LM Mikel Krüger-Johnsen
4%
No matching quizzes found
Score Distribution
Percent of People with Each Score
Percentile by Number Answered
Your Score History
You have not taken this quiz